| 000 | 00643nam a2200205Ii 4500 | ||
|---|---|---|---|
| 003 | JO-AjNU | ||
| 008 | 230605s9999||||xx |||||||||||||| ||und|| | ||
| 017 | _a2009/10/4341 | ||
| 040 |
_aJO-AjNU _bara _erda _cJO-AjNU |
||
| 041 | _aara | ||
| 050 | 1 | 4 | _aPJ7964.A7862.A92 2009 |
| 100 | 3 |
_aإعداد الطراونة، كامل, _eauthor _949130 |
|
| 245 | 0 | 0 | _aعودة سلطان: رواية |
| 264 | 3 | 1 | _aعمان:وزارة الثقافة،2009 |
| 300 | _a109ص | ||
| 336 |
_atext _btxt _2rdacontent |
||
| 337 |
_aunmediated _bn _2rdamedia |
||
| 338 |
_avolume _bnc _2rdacarrier |
||
| 650 | 4 |
_aالأدب العربي - روايات _949131 |
|
| 999 |
_aA21560 _c25128 _d25128 |
||